Anos em que o Campinense venceu o Campeonato Paraibano - Statistics

Estatísticas Gerais
  • Esse quiz foi jogado 30 vezes
    21 desde o último reset
  • A pontuação média é 21 de 22
Estatísticas das Respostas
N° de títulos Ano % Correto
19 2015
100%
21 2021
100%
01 1960
95%
02 1961
95%
03 1962
95%
04 1963
95%
05 1964
95%
06 1965
95%
07 1967
95%
08 1971
95%
09 1972
95%
10 1973
95%
11 1974
95%
12 1979
95%
13 1980
95%
16 2004
95%
17 2008
95%
18 2012
95%
20 2016
95%
22 2022
95%
14 1991
89%
15 1993
89%
Nenhum quiz correspondente encontrado
Distribuição das Pontuações
Porcentagem de Pessoas com Cada Pontuação
Percentil de Números Respondidos
Sua Pontuação Histórica
Você não jogou esse quiz desde o último reset